[Event "Ungdoms-DM U16 2023"]
[Site "Odense"]
[Date "2023.11.05"]
[Round "5.6"]
[White "Svendsen, Nelly Amin"]
[Black "Skaelbaek, Noah"]
[Result "0-1"]
[WhiteElo "1171"]
[BlackElo "1835"]
[PlyCount "96"]
[EventDate "2023.11.03"]
[EventType "swiss"]
[EventRounds "5"]
[EventCountry "DEN"]
[SourceTitle "Live v. Kasper Jerwiarz"]

1. e4 c5 2. Nf3 Nc6 3. Nc3 a6 4. Bc4 b5 5. Bd5 Bb7 6. d3 e6 7. Bb3 Nf6 8. Bf4
d5 9. exd5 exd5 10. a4 b4 11. Ne2 Be7 12. O-O O-O 13. c3 a5 14. Bc2 Bd6 15. Qd2
Re8 16. Rfe1 Qc7 17. Bxd6 Qxd6 18. d4 c4 19. b3 Ne4 20. Qc1 bxc3 21. bxc4 dxc4
22. Rb1 Nb4 23. Ng3 Nxg3 24. Rxe8+ Rxe8 25. fxg3 Bxf3 26. gxf3 Qxd4+ 27. Kf1
Nxc2 28. Qxc2 Qd3+ 29. Qxd3 cxd3 30. Re1 Rxe1+ 31. Kxe1 f6 32. h4 Kf7 33. f4 f5
34. h5 Ke6 35. Kd1 Kd5 36. Kc1 Ke4 37. Kd1 Ke3 38. h6 g6 39. g4 c2+ 40. Kc1 Ke2
41. gxf5 d2+ 42. Kxc2 d1=Q+ 43. Kc3 Qd3+ 44. Kb2 Kd2 45. f6 Qc3+ 46. Kb1 Qb3+
47. Ka1 Kc3 48. f7 Qb2# 0-1

[Event "Ungdoms-DM U16 2023"]
[Site "Odense"]
[Date "2023.11.05"]
[Round "5.7"]
[White "Perets, Dmytro"]
[Black "Wahlgreen, Noah Krug"]
[Result "1-0"]
[WhiteElo "2110"]
[BlackElo "1993"]
[PlyCount "63"]
[EventDate "2023.11.03"]
[EventType "swiss"]
[EventRounds "5"]
[EventCountry "DEN"]
[SourceTitle "Live v. Kasper Jerwiarz"]

1. Nf3 c6 2. c4 d5 3. d4 Nf6 4. e3 e6 5. Nbd2 Nbd7 6. Bd3 Bd6 7. O-O O-O 8. e4
dxe4 9. Nxe4 Be7 10. Ne5 c5 11. Nxd7 Nxd7 12. dxc5 Qc7 13. Be3 f5 14. Nd6 Nxc5
15. Nb5 Qc6 16. Be2 a6 17. Nc3 Bf6 18. Bf3 Ne4 19. Rc1 Bxc3 20. Bxe4 Qxe4 21.
Rxc3 b5 22. Bc5 Re8 23. Re1 Qc6 24. cxb5 axb5 25. Bd6 Qb6 26. Be5 Rd8 27. Qh5
Ra7 28. Rec1 Bd7 29. Qg5 Be8 30. Bc7 Rd1+ 31. Rxd1 Rxc7 32. Qd8 1-0

[Event "Ungdoms-DM U16 2023"]
[Site "Odense"]
[Date "2023.11.05"]
[Round "5.8"]
[White "Falkesgaard, Jeppe Hald"]
[Black "Pihl, William"]
[Result "1-0"]
[WhiteElo "2176"]
[BlackElo "1946"]
[PlyCount "61"]
[EventDate "2023.11.03"]
[EventType "swiss"]
[EventRounds "5"]
[EventCountry "DEN"]
[SourceTitle "Live v. Kasper Jerwiarz"]

1. c4 e5 2. Nc3 Nc6 3. Nf3 Nf6 4. e4 d6 5. d4 Bg4 6. d5 Nd4 7. Be2 Nxe2 8. Qxe2
a6 9. h3 Bd7 10. Be3 Be7 11. Nd2 g6 12. Bh6 Bf8 13. Bxf8 Kxf8 14. O-O Nh5 15.
Qe3 Nf4 16. Ne2 g5 17. Rac1 Qf6 18. c5 h5 19. cxd6 cxd6 20. Rc7 Bb5 21. Ng3
Bxf1 22. Ndxf1 g4 23. h4 Qxh4 24. Qb6 Qf6 25. Rd7 h4 26. Nf5 Re8 27. N1e3 g3
28. Ng4 Rc8 29. Rc7 gxf2+ 30. Kf1 Rxc7 31. Qxc7 1-0

[Event "Ungdoms-DM U16 2023"]
[Site "Odense"]
[Date "2023.11.05"]
[Round "5.9"]
[White "Thorsen, Adrian Stenstrop"]
[Black "Sinding, Noa"]
[Result "1-0"]
[WhiteElo "2070"]
[BlackElo "1733"]
[PlyCount "113"]
[EventDate "2023.11.03"]
[EventType "swiss"]
[EventRounds "5"]
[EventCountry "DEN"]
[SourceTitle "Live v. Kasper Jerwiarz"]

1. d4 Nf6 2. Nc3 g6 3. e4 d6 4. Bg5 Bg7 5. e5 Nfd7 6. exd6 cxd6 7. Qd2 O-O 8.
h4 Nf6 9. Bxf6 Bxf6 10. h5 Bf5 11. hxg6 fxg6 12. Bd3 e6 13. Nf3 Nc6 14. O-O-O
Rf7 15. Bxf5 exf5 16. d5 Ne5 17. Nxe5 Bxe5 18. Ne2 Qb6 19. Nd4 Rc8 20. c3 Rfc7
21. f4 Bf6 22. Ne2 Re7 23. Rh3 Qa6 24. Re3 Rce8 25. Rxe7 Rxe7 26. Nd4 Bxd4 27.
Qxd4 Qxa2 28. Qf2 Qa1+ 29. Kc2 Qa4+ 30. Kc1 Qe4 31. g3 Qe3+ 32. Qxe3 Rxe3 33.
c4 b6 34. Rg1 Re4 35. b3 Re3 36. Kc2 Kf8 37. b4 Kf7 38. Ra1 h5 39. Rxa7+ Kg8
40. Rd7 Rxg3 41. Rxd6 h4 42. Rd8+ Kg7 43. d6 Kf7 44. Rh8 Ke6 45. c5 bxc5 46.
bxc5 h3 47. Re8+ Kd7 48. Re7+ Kc6 49. Rc7+ Kb5 50. d7 h2 51. d8=Q h1=Q 52. Qd7+
Ka5 53. Ra7+ Kb4 54. Ra4+ Kxc5 55. Ra5+ Kb6 56. Qa7+ Kc6 57. Rc5+ 1-0

[Event "Ungdoms-DM U16 2023"]
[Site "Odense"]
[Date "2023.11.05"]
[Round "5.10"]
[White "Olesen, Nicholas Lindholm"]
[Black "Wehding, Anton Bonsvig"]
[Result "1-0"]
[WhiteElo "1060"]
[BlackElo "1969"]
[PlyCount "64"]
[EventDate "2023.11.03"]
[EventType "swiss"]
[EventRounds "5"]
[EventCountry "DEN"]
[SourceTitle "Live v. Kasper Jerwiarz"]

1. d4 Nf6 2. Bf4 e6 3. e3 d5 4. c4 c5 5. Nc3 Nc6 6. cxd5 exd5 7. Nf3 Bg4 8. Be2
a6 9. a4 Qb6 10. dxc5 Qxb2 11. Qc1 Qb4 12. O-O Qxc5 13. h3 Bh5 14. Rb1 Rc8 15.
Rxb7 Na5 16. Rb8 Be7 17. Rxc8+ Qxc8 18. Qb2 O-O 19. Rc1 Nc4 20. Qa2 Nb6 21. Qb3
Bxf3 22. Bxf3 Qe6 23. Rd1 Rd8 24. Bc7 Rd6 25. Bxd6 Bxd6 26. Nxd5 Nbxd5 27. Bxd5
Qd7 28. Bxf7+ Kf8 29. Bc4 Ne4 30. Qd3 Qxa4 31. f3 Nc3 32. Qxd6+ Ke8 1-0

[Event "Ungdoms-DM U16 2023"]
[Site "Odense"]
[Date "2023.11.05"]
[Round "5.12"]
[White "Borresen, Johannes S Landbo"]
[Black "Li, Nikolaj"]
[Result "0-1"]
[WhiteElo "1492"]
[BlackElo "1405"]
[PlyCount "98"]
[EventDate "2023.11.03"]
[EventType "swiss"]
[EventRounds "5"]
[EventCountry "DEN"]
[SourceTitle "Live v. Kasper Jerwiarz"]

1. d4 e6 2. Bf4 d5 3. Nf3 Nf6 4. e3 c5 5. c3 cxd4 6. exd4 Bd6 7. Bg3 O-O 8.
Nbd2 Re8 9. Bd3 Nc6 10. Ne5 Qc7 11. f4 Ne7 12. Bh4 Nf5 13. Bxf6 gxf6 14. Ng4
Kg7 15. Qc2 Bxf4 16. O-O-O h5 17. Bxf5 exf5 18. Nf2 Re2 19. Nd3 Bxh2 20. Qb3
Be6 21. Nf3 Rxg2 22. Nxh2 Rxh2 23. Rxh2 Qxh2 24. Qxb7 Qb8 25. Qe7 Qg3 26. Qb7
Rg8 27. Qxa7 Qe3+ 28. Kb1 f4 29. Nc5 Bf5+ 30. Ka1 f3 31. Qa6 Bc2 32. Rf1 f2 33.
a4 Kh7 34. Qxf6 Qe1+ 35. Ka2 Qxf1 36. Qxf7+ Kh6 37. Qf4+ Kg6 38. Qd6+ Kh7 39.
Qxd5 Qb1+ 40. Ka3 Qa1+ 41. Kb4 Qxb2+ 42. Ka5 f1=Q 43. Qxh5+ Kg7 44. Ne6+ Kf6
45. Qe5+ Kf7 46. Qh5+ Kxe6 47. d5+ Kf6 48. Qh6+ Bg6 49. Qh4+ Kf7 0-1